Euros Winners Since 1980 - Statistics

General Stats
  • This quiz has been taken 235 times
  • The average score is 11 of 12
Answer Stats
Hint Answer % Correct
2008 Spain
99%
2012 Spain
99%
2024 Spain
99%
2020 Italy
98%
1984 France
97%
2000 France
97%
2016 Portugal
97%
1980 West Germany
96%
1996 Germany
95%
2004 Greece
87%
1988 Netherlands
79%
1992 Denmark
75%
No matching quizzes found
Score Distribution
Percent of People with Each Score
Percentile by Number Answered
Your Score History
You have not taken this quiz